The good society : (Record no. 65425)

MARC details
000 -LEADER
fixed length control field 00619nam a22001697a 4500
005 - DATE AND TIME OF LATEST TRANSACTION
control field 20120421165148.0
020 ## - INTERNATIONAL STANDARD BOOK NUMBER
International Standard Book Number 416084303
Terms of availability 00.00
035 ## - SYSTEM CONTROL NUMBER
System control number A-126605
037 ## - SOURCE OF ACQUISITION
Stock number DPL
Source of stock number/acquisition ENG
245 ## - TITLE STATEMENT
Title The good society :
Remainder of title A book of readings /
Statement of responsibility, etc edited by Anthony Arblaster and Steven Lukes
260 ## - PUBLICATION, DISTRIBUTION, ETC. (IMPRINT)
Place of publication, distribution, etc London
Name of publisher, distributor, etc Methuen and Co. Ltd.
Date of publication, distribution, etc 1971
300 ## - PHYSICAL DESCRIPTION
Extent xi, 436p.
Dimensions 20 cms.
700 ## - ADDED ENTRY--PERSONAL NAME
Personal name Arblaster, Anthony
9 (RLIN) 45570
700 ## - ADDED ENTRY--PERSONAL NAME
Personal name Lukes, Steven
9 (RLIN) 45571
942 ## - ADDED ENTRY ELEMENTS (KOHA)
Source of classification or shelving scheme Dewey Decimal Classification
Item type English Books
Classification part 308
Call number suffix ARB
Holdings
Withdrawn status Lost status Not for loan Collection code Home library Current library Date acquired Cost, normal purchase price Full call number Barcode Cost, replacement price Koha item type
      Non-fiction Sarojini Nagar Sarojini Nagar 21/04/2012 0.00 308 ARB A-126605 0.00 English Books

© Delhi Public Library
Hit Counter
free hit counter